2022-23 Oklahoma City Thunder Roster - Statistics

General Stats
  • This quiz has been taken 30 times
    25 since last reset
  • The average score is 14 of 20
Answer Stats
Pos. Number Height Player % Correct
F 8 6'6" Jalen Williams
100%
F 6 6'10" Jaylin Williams
100%
SG 3 6'8" Josh Giddey
100%
SF 34 6'6" Kenrich Williams
100%
SF 5 6'3" Luguentz Dort
100%
PG 2 6'6" Shai Gilgeous-Alexander
95%
F 7 7'0" Chet Holmgren
91%
C 17 7'0" Aleksej Pokusevski
86%
PG 23 6'3" Tre Mann
86%
PF 55 6'8" Darius Bazley
77%
PF 50 6'8" Jeremiah Robinson-Earl
73%
F 13 6'10" Ousmane Dieng
68%
SG 21 6'4" Aaron Wiggins
64%
F 12 6'6" Lindy Waters III
55%
C 33 6'10" Mike Muscala
55%
C 15 6'9" Derrick Favors
32%
PG 11 6'4" Theo Maledon
32%
F 97 6'6” Eugene Omoruyi
27%
G 27 6'8" Vit Krejci
18%
SG 16 6'5" Ty Jerome
9%
No matching quizzes found
Score Distribution
Percent of People with Each Score
Percentile by Number Answered
Your Score History
You have not taken this quiz since the last reset